| 000 | 00690nam a22002057a 4500 | ||
|---|---|---|---|
| 005 | 20251108165404.0 | ||
| 008 | 250721s1987 xx 000 0 ara d | ||
| 082 | 1 | 4 | _aم/922.173/قاض |
| 100 | 1 | _aإبن قاضي شهبه، تقي الدين أبو بكر بن ... | |
| 245 | 1 | 0 | _aطبقات الشافعية / |
| 264 | 1 |
_aبيروت : _bعالم الكتب، _c1987. |
|
| 300 | _a4ج في 2 مج | ||
| 650 | 1 | 7 | _aالفقهاء |
| 650 | 1 | 7 | _aالتراجم |
| 650 | 1 | 7 | _aالمذاهب الإسلامية |
| 700 | 1 |
_aخان، الحافظ عبد العليم _eتحقيق |
|
| 700 | 1 |
_aالطباع، عبد الله أنيس _eتحقيق |
|
| 942 |
_2ddc _cREF |
||
| 999 |
_c26731 _d26731 |
||